00649nam a2200229 a 4500001001300000003000900013005001700022008004100039020001000080082001600090100001200106245006100118260003200179300000900211500003500220650002600255700001200281902000800293942000700301952009600308999001500404nice12345678IN_TiNIC20260116011558.0050524s1907 lona grp 000 0 eng  ac10000a232.1bGOR1 aGore, C aDissertations on Subjects Connected With the Incarnation aLondon bNo Publisherc1907 a323p aincludes index and biblioraphy aJesus Christ-Divinity1 aGore, C bSRS cBK 00104070aHMIbHMId2007-06-19g100.00l0o232.1 GOR1p1345r2007-06-19w2026-01-16yARB c2717d2717